Normal view
MARC view
Entry Personal Name
001 - CONTROL NUMBER
- control field: 53640
003 - CONTROL NUMBER IDENTIFIER
- control field: dpl
005 - DATE AND TIME OF LATEST TRANSACTION
- control field: 20121120122120.0
008 - FIXED-LENGTH DATA ELEMENTS
- fixed length control field: 121120|||a|||||| | ||| d
040 ## - CATALOGING SOURCE
- Original cataloging agency: dpl
- Transcribing agency: dpl
100 ## - HEADING--PERSONAL NAME
- Personal name: Daniel, Linda Nalini
670 ## - SOURCE DATA FOUND
- Source citation: Work cat.: (dpl): Prasanna Kumar J.P. 53625, Cost and financial management for hotels /, 2012
670 ## - SOURCE DATA FOUND
- Source citation: Work cat.: (dpl): Prasanna Kumar J.P. 53625, Cost and financial management for hotels /, 2012
